| 000 | 00411nam a2200145Ia 4500 | ||
|---|---|---|---|
| 008 | 230917s9999||||xx |||||||||||||| ||und|| | ||
| 040 |
_e171979 _aMAIN |
||
| 041 | _aEnglish | ||
| 082 | _a891.431721 VS58SE | ||
| 100 | _aवर्मा, सतीश | ||
| 245 | 0 | _aसेतुबंध | |
| 260 |
_aदिल्ली _bसार्थक प्रकाशन _c1997 |
||
| 300 | _a34 पृ. p. | ||
| 942 | _cHN | ||
| 999 |
_c96553 _d96553 |
||